[Event "Sao Paulo Hebraica op 34th"]
[Site "Sao Paulo"]
[Date "2025.02.01"]
[Round "4"]
[White "Usui, Gabriella Yumi"]
[Black "Franco, Cristiano Cabrera"]
[Result "1-0"]
[WhiteElo "1689"]
[BlackElo "1800"]
[PlyCount "53"]
[EventDate "2025.01.31"]
[EventType "swiss"]
[EventRounds "6"]
[EventCountry "BRA"]
[SourceTitle "CB06_2025"]
[SourceDate "2025.02.05"]
[SourceVersion "1"]
[SourceVersionDate "2025.02.05"]
[SourceQuality "1"]

1. d4 Nf6 2. Nf3 d5 3. c4 c6 4. g3 Nbd7 5. Qc2 e6 6. Bg2 Be7 7. 0-0 0-0 8. b3 Ne4 9. Ne5 f5 10. f3 Nxe5 11. fxe4 dxe4 12. dxe5 Qd4+ 13. Kh1 Qxa1 14. Nc3 b6 15. Bb2 Qxf1+ 16. Bxf1 Bb7 17. e3 Rad8 18. Ne2 Rd7 19. Nf4 Kf7 20. Be2 Rfd8 21. Bc3 Bc5 22. Qc1 Ba6 23. h4 g6 24. g4 Be7 25. gxf5 gxf5 26. Bh5+ Kg8 27. Nxe6 1-0